Normal view
MARC view
- Computer algorithms
Entry Topical Term
001 - CONTROL NUMBER
- control field: 3545
003 - CONTROL NUMBER IDENTIFIER
- control field: JO-AjAnu
005 - DATE AND TIME OF LATEST TRANSACTION
- control field: 20230606070902.0
008 - FIXED-LENGTH DATA ELEMENTS
- fixed length control field: 230606|| aca||aabn | a|a d
040 ## - CATALOGING SOURCE
- Original cataloging agency: JO-AjAnu
- Transcribing agency: JO-AjAnu
150 ## - HEADING--TOPICAL TERM
- Topical term or geographic name entry element: Computer algorithms
670 ## - SOURCE DATA FOUND
- Source citation: Work cat.: (JO-AjAnu)1850: Baase, Sara. Van Gelder,Allen, author 3544, Computer algorithms : introduction to design and analysis.